| 000 | 01573nam0a2200337 4500 | ||
|---|---|---|---|
| 001 | RU\NLR\bibl\78093 | ||
| 005 | 20260407024439.0 | ||
| 010 |
_a5-7320-0497-1 _9500 |
||
| 021 |
_aRU _b1998-48850 _92355 |
||
| 035 | _a(NLR Aleph) 000076228 | ||
| 090 |
_a422628 _c422628 |
||
| 100 | _a20000403d1998 |||y0rusy50 ca | ||
| 101 | 0 | _arus | |
| 102 | _aRU | ||
| 105 | _aa ||||||||| | ||
| 200 | 1 |
_aРабочая книга андрагога _e[Учеб. пособие _fО-во "Знание" Санкт-Петербурга и Ленигр. обл., Ин-т образования взрослых Рос. акад. образования _g[Подгот.: Л.В. Бродянская и др.] _gПод ред. С.Г. Вершловского |
|
| 210 |
_aСПб. _cЗнание _d1998 |
||
| 215 |
_a197,[3] с. _cил. _d20 |
||
| 320 | _aБиблиогр. в конце гл. и в подстроч. прим. | ||
| 606 | 0 |
_aАндрагогика _jРуководства, пособия и т.п. _91084497 _3RU\NLR\auth\66105472 |
|
| 606 | 0 |
_aАндрагогика _jУчебные издания _91084497 _3RU\NLR\auth\66105472 |
|
| 686 | _aЧ441 | ||
| 702 | 1 |
_aБродянская _bЛ. В. _4220 |
|
| 702 | 1 |
_aВершловский _bС. Г. _4340 |
|
| 712 | 0 | 2 |
_4570 _a"Знание", общество Санкт-Петербурга и Ленинградской области _9517866 _3RU\NLR\AUTH\8810010084 |
| 801 | 0 |
_aRU _bNLR _c20000403 _gPSBO |
|
| 801 | 1 |
_aRU _bNLR _c20000403 |
|
| 852 |
_aNLR _j2000-3/410 |
||
| 942 | _cBOOK | ||
| 980 | _aNB | ||